Girls, boys, books, toys : gender in children's literature and culture
Αποθηκεύτηκε σε:
| Άλλοι συγγραφείς: | , |
|---|---|
| Μορφή: | Βιβλίο |
| Γλώσσα: | English |
| Δημοσίευση: |
Baltimore :
John Hopkins University Press,
1999
|
| Θέματα: | |
| Ετικέτες: |
Προσθήκη ετικέτας
Δεν υπάρχουν, Καταχωρήστε ετικέτα πρώτοι!
|
MARC
| LEADER | 00000nam a2200000 i 4500 | ||
|---|---|---|---|
| 001 | 1/60926 | ||
| 008 | 040914s1999 eng d | ||
| 020 | |a 0-8018-6526-3 | ||
| 035 | |l 10074381 | ||
| 040 | |a GR-MY-UA |b gre |e aacr | ||
| 041 | 0 | |a eng | |
| 082 | 0 | |a 305.309 | |
| 245 | 1 | 0 | |a Girls, boys, books, toys : |b gender in children's literature and culture / |c edited by Beverly Lyon Clark, Margaret R. Higonnet |
| 260 | |a Baltimore : |b John Hopkins University Press, |c 1999 | ||
| 300 | |a 296 p. | ||
| 504 | |a Includes bibliographical references and index | ||
| 650 | 0 | 0 | |a Children's literature |x History and criticism. |
| 650 | 0 | 0 | |a Sexism in literature. |
| 650 | 0 | 0 | |a Girls |x Books and reading. |
| 650 | 0 | 0 | |a Boys |x Books and reading. |
| 650 | 0 | 0 | |a Play |x Social aspects. |
| 650 | 0 | 0 | |a Toys |x Social aspects. |
| 700 | 1 | |a Clark, Beverly Lyon. |4 edt | |
| 700 | 1 | |a Higonnet, Margaret R. |4 edt | |
| 852 | |a INST |b RHODES |e 20040914 |h 305.309 GIR |p 005400018573 |q 005400018573 |t BK |y 0 | ||
| 901 | |a BIBL4-2004-3 | ||
| 909 | |a Ρ |b 113149 | ||
| 922 | |a 4ΕΛΗ |b 200408 |c ΕΠΕΑΕΚ2/ΤΕΠΑΕΣ |d ΜΙΧΑΛΟΠΟΥΛΟΣ | ||
| 950 | |a 096-2004-06-17 | ||
| 970 | |a ΚΟΥΛΑΚΙΟΤΗ |b ΛΙΤΣΑ |z 2004/09/22 | ||